random brand logos - Statistics

General Stats
  • This quiz has been taken 89 times
  • The average score is 12 of 16
Answer Stats
Picture Answer % Correct
apple
100%
nike
100%
amazon
97%
mcdonalds
97%
shell
96%
starbucks
96%
doritos
91%
coca cola
89%
target
88%
internet explorer
79%
haribo
73%
huawei
49%
renault
48%
GTA 5
36%
ryanair
31%
ducati
29%
No matching quizzes found
Score Distribution
Percent of People with Each Score
Percentile by Number Answered
Your Score History
You have not taken this quiz